01398nam a2200289 a 450000100100000000500170001000800410002704000250006808200150009310000450010824500710015326000360022430000350026050400560029550400320035159000260038365000530040965000280046265000130049065000630050391000370056695201280060395201280073195201130085995201190097299900170109100001793820260415174539.0100407s1993 dr ac r 001 0 spa d aDO-SdBNPbspacBNPHU a301bG633e1 aGómez Fermín, Luis B.,d1943-93890313aLa evolución del pensamiento social /cLuis B. Gómez Fermín. aSanto Domingo :bTaller,c1993. a266 p. :bil., retr. ;c23 cm. aIncluye bibliografía y notas al pie de páginas. aBibliografía : p.262-264. aInventariado, 2018/VM 4aSociologíaxEnsayos, conferencias, etc.924199 0aCiencias sociales91065 0a 912155 4aSocialismo y sociedadxEnsayos , conferencias, etc.912388 aValidado. Control de calidad EMS 001054708DSaGRbGRcHDd2010-04-07iLF1l0o301 G633ep17938-30r2020-06-25te. 3w2020-06-25yLFDSZPréstamo en sala 001052708DSaGRbGRcHDd2013-07-11iLF1l0o301 G633ep17938-40r2020-06-25te. 4w2020-06-25yLFDSZPréstamo interno 0010718PDaPDbPDcHDd2010-04-07iLF1l0o301 G633ep17938-10r2020-06-25w2020-06-25yLFPDZNo se presta 0010718PDaPDbPDcHDd2010-04-07iLF1l0o301 G633ep17938-20r2020-06-25te. 2w2020-06-25yLFPDZNo se presta c17462d17462